000 00329nam a2200133Ia 4500
008 210312s9999||||xx |||||||||||||| ||und||
041 _aosm
050 _aLF5321
050 _bI88.D37
245 0 _aDarüşşafaka
245 0 _bTürkiyede ilk halk mektebi okulu
260 _c1927
650 _aEğitim--Türkiye--Tarih--1880-1900
999 _c22293
_d22293